Statistiken für Welche Deutsche Stadt (Nach Wahrzeichen)?

Klicken Sie hier um das Quiz zu spielen!

Allgemein

  • Dieses Quiz wurde 261 mal gespielt
  • Das Durchschnittsergebnis liegt bei 7 aus 10

Antwortstatistiken

Antwort% Korrekt
Berlin
100%
Frankfurt am Main
96%
Hamburg
96%
Köln
96%
Wuppertal
86%
Dresden
73%
Chemnitz
54%
Bremen
44%
Stuttgart
44%
Nürnberg
32%

Verteilung der Resultate

Perzentil nach korrekt beantworteten Fragen

Anzahl Personen mit jedem Resultat

Ihre Resultats-Entwicklung

Sie haben dieses Quiz noch nicht gespielt